South Park Characters Quiz Stats

 Plays Quiz Updated May 29, 2021

     
Support Sporcle.
Go Orange.
Score 0/42 Timer 08:00
0 Plays Today
Character % Correct
Kenny McCormick
98.6%
Eric Cartman
98.3%
Stan Marsh
95.5%
Kyle Broflovski
95.4%
Butters Stotch
94%
'Chef' McElroy
93.4%
Timmy Burch
90.6%
Jesus
89.3%
Satan
82.7%
Jimmy Valmer
82.4%
Token Black
82.2%
Phillip
81.5%
Terrance
81.2%
Mr. Garrison
79%
Mr. Hankey
78.8%
Towelie
78.7%
Saddam Hussein
78%
Randy Marsh
77.7%
Ike Broflovski
74.8%
Wendy Testaburger
74%
Mr. Hat
72.6%
Character % Correct
Pip Pirrup
70.7%
Tweek Tweak
70.3%
Mr. Slave
67.5%
Sheila Broflovski
65.7%
Sharon Marsh
65.4%
Big Gay Al
63.8%
Gerald Broflovski
62.5%
Liane Cartman
60.4%
Mr. Mackey
58.8%
Bebe Stevens
54.8%
Officer Barbrady
53.6%
Stuart McCormick
53%
Clyde Donovan
52.9%
Mayor McDaniels
52.8%
Carol McCormick
52.2%
Principal Victoria
50.3%
Uncle Jimbo
47.8%
Craig Tucker
47%
Shelley Marsh
44.2%
Ned Gerblansky
40.9%
Mr. Lu Kim
36.4%

From the Vault

Countries By Desert

by Gadgetron

Arguably this game might be more interesting if it were Countries By Dessert, but what are ya gonna do?
Remove Ads.
Support Sporcle.
Get the best of Sporcle when you Go Orange. This ad-free experience offers more features, more stats, and more fun while also helping to support Sporcle. Thank you for becoming a member.

Show Comments

Extras

Top Quizzes Today


Score Distribution

Your Account Isn't Verified!

In order to create a playlist on Sporcle, you need to verify the email address you used during registration. Go to your Sporcle Settings to finish the process.

Report this User

Report this user for behavior that violates our Community Guidelines.

Details: